| 000 | 00589nam a2200169Ia 4500 | ||
|---|---|---|---|
| 005 | 20250424120240.0 | ||
| 008 | 250424s9999 xx 000 0 und d | ||
| 022 | _a22767267 | ||
| 050 | _a JZ 5584.A35 .I23/ | ||
| 245 | 0 | _aIbadan journal of peace and development | |
| 260 | _aIbadan, Nigeria | ||
| 260 | _bInstitute for peace and strategic studies university of ibadan | ||
| 260 | _c2015 | ||
| 300 | _aviii, 232 p. 24 cm. | ||
| 650 | _a Peace-building--Nigeria--Periodicals. Conflict management--Nigeria--Periodicals. Sustainable development--Nigeria--Periodicals. | ||
| 942 | _cSR | ||
| 999 |
_c38236 _d38236 |
||